000 00617nam a2200193 4500
001 131070
003 ES-MaACL
005 20230906193917.0
007 t|
008 070214s1968 sp r ||||1| spa d
100 1 _aRoberts, Charles.
_997827
245 1 3 _aLa verdad sobre el asesinato /
_cCharles Roberts ; prólogo de Pierre Salinger ; [traducido por Amparo García Burgos].
250 _a1ª ed.
260 _aBarcelona [etc.] :
_bGrijalbo,
_c1968.
300 _a179 p. ;
_c20 cm.
700 1 _aSalinger, Pierre.
_9101960
700 1 _aGarcía Burgos, Amparo.
_954298
852 _aES-MaACL
_jC-33114
_bR.65950
999 _c131070
_d131070